Primer Congreso de Antropología y de la Defensa del Patrimonio Cultural de América Central /
Bewaard in:
| Coauteurs: | , , |
|---|---|
| Formaat: | Onbekend |
| Gepubliceerd in: |
San José:
Universidad de Costa Rica
|
| Onderwerpen: | |
| Tags: |
Voeg label toe
Geen labels, Wees de eerste die dit record labelt!
|
MARC
| LEADER | 00000 a2200000 04500 | ||
|---|---|---|---|
| 001 | 15344 | ||
| 003 | |||
| 008 | 991231s d | ||
| 040 | |||
| 090 | |a 026404 | ||
| 110 | |a UCR. FCS. Instituto de Invetigaciones Sociales | ||
| 245 | |a Primer Congreso de Antropología y de la Defensa del Patrimonio Cultural de América Central / |c UCR. FCS. Instituto de Invetigaciones Sociales | ||
| 260 | |a San José: |b Universidad de Costa Rica | ||
| 650 | |a LUGARES Y MONUMENTOS HISTORICOS | ||
| 710 | |a Museo Nacional de Costa Rica | ||
| 710 | |a Fundación Friedrich Ebert | ||
| 999 | |c 13287 |d 13287 | ||
